| 000 | 00393nam a2200145Ia 4500 | ||
|---|---|---|---|
| 008 | 231129s2000||||xx |||||||||||||| ||spa|| | ||
| 020 | _a958-9172-53-9 | ||
| 040 | _bspa | ||
| 082 | _aCo863.44 R436in | ||
| 100 | _aRestrepo Cuartas Jaime | ||
| 245 | 0 | _aIn extremis | |
| 260 | _c2000 | ||
| 264 | _aImprenta Departamental de Antioquia | ||
| 942 |
_2ddc _cBKS |
||
| 999 |
_c15618 _d15618 |
||